Skoki Narciarskie - Zdobywcy Podium ze Słowenii (2020-) - Statystyki

Ogólne statystyki
  • Ten quiz został rozwiązany 112 razy
  • Średni wynik to 7 z 8
Statystyki odpowiedzi
Liczba podiów Lata aktywności Skoczek % Poprawnych
1 2014-2022 Cene Prevc
100%
10 2015- Domen Prevc
100%
8 2009-2024 Peter Prevc
100%
36 2014- Anze Lanisek
99%
13 2017- Timi Zajc
97%
4 2021- Lovro Kos
76%
4 2016- Ziga Jelar
62%
3 2016-2022 Bor Pavlovcic
50%
Nie znaleziono quizów pasujących do podanych kryteriów
Rozkład punktacji
Procent ludzi z każdym wynikiem
Percentyl według liczby udzielonych odpowiedzi
Twoja historia wyników
Nie rozwiązałeś tego quizu